| 000 | 00514nam a22001817a 4500 | ||
|---|---|---|---|
| 999 |
_c5989 _d5989 |
||
| 003 | AR-CdUCM | ||
| 008 | 190313b ||||| |||| 00| 0 spa d | ||
| 040 |
_aMUNICIPALIDAD PROVINCIAL DEL CUSCO _cBIBLIOTECA MUNICIPAL DEL CUSCO |
||
| 082 |
_a886.91 / _bT94 |
||
| 100 |
_aAmaro, Tupak _917543 |
||
| 245 | _aHortencia Poemas / | ||
| 260 |
_aCusco : _c1944. |
||
| 300 | _c17 cm. | ||
| 500 | _aEl libro no cuenta con notación numérica | ||
| 650 |
_aHortencia poemas _917544 |
||
| 942 |
_2ddc _cLIBROS |
||
| 945 | _aAndy | ||